<?xml version="1.0" encoding="UTF-8"?>
<record
    xmlns:xsi="http://www.w3.org/2001/XMLSchema-instance"
    xsi:schemaLocation="http://www.loc.gov/MARC21/slim http://www.loc.gov/standards/marcxml/schema/MARC21slim.xsd"
    xmlns="http://www.loc.gov/MARC21/slim">

  <leader>00701nam a22001577a 4500</leader>
  <controlfield tag="003">OSt</controlfield>
  <controlfield tag="005">20151130110749.0</controlfield>
  <controlfield tag="008">151130b        xxu||||| |||| 00| 0 eng d</controlfield>
  <datafield tag="040" ind1=" " ind2=" ">
    <subfield code="c">RUA</subfield>
  </datafield>
  <datafield tag="082" ind1=" " ind2=" ">
    <subfield code="a">FIS KOU 1997 B167 Or.1</subfield>
  </datafield>
  <datafield tag="100" ind1=" " ind2=" ">
    <subfield code="9">4021</subfield>
    <subfield code="a">KOU, BUNTEUNG.</subfield>
  </datafield>
  <datafield tag="245" ind1=" " ind2=" ">
    <subfield code="a">Study of the traditional fishery knowledge in kompong khleang commune, sotrnikun district, siem reap province (&#x179F;&#x17B7;&#x1780;&#x17D2;&#x179F;&#x17B6;&#x1780;&#x17B6;&#x179A;&#x1793;&#x17C1;&#x179F;&#x17B6;&#x1791;&#x178F;&#x17B6;&#x1798;&#x179B;&#x1780;&#x17D2;&#x1781;&#x178E;&#x17C7;&#x1794;&#x17D2;&#x179A;&#x1796;&#x17C3;&#x178E;&#x17B8;&#x1793;&#x17C5;&#x1780;&#x17D2;&#x1793;&#x17BB;&#x1784;&#x1783;&#x17C6;&#x17BB;&#x1780;&#x17C6;&#x1796;&#x1784;&#x17CB;&#x1783;&#x17D2;&#x179B;&#x17B6;&#x17C6;&#x1784;&#x179F;&#x17D2;&#x179A;&#x17BB;&#x1780;&#x179F;&#x17BC;&#x1791;&#x17D2;&#x179A;&#x1793;&#x17B7;&#x1782;&#x1798;&#x1781;&#x17C1;&#x178F;&#x17D2;&#x178F;&#x179F;&#x17C0;&#x1798;&#x179A;&#x17B6;&#x1794;)</subfield>
  </datafield>
  <datafield tag="260" ind1=" " ind2=" ">
    <subfield code="a">Phnom Penh</subfield>
    <subfield code="b">RUA</subfield>
    <subfield code="c">1997</subfield>
  </datafield>
  <datafield tag="300" ind1=" " ind2=" ">
    <subfield code="a">59p.</subfield>
    <subfield code="b">ill.</subfield>
    <subfield code="c">29cm.</subfield>
  </datafield>
  <datafield tag="942" ind1=" " ind2=" ">
    <subfield code="2">ddc</subfield>
    <subfield code="c">FIS</subfield>
  </datafield>
  <datafield tag="999" ind1=" " ind2=" ">
    <subfield code="c">3740</subfield>
    <subfield code="d">3740</subfield>
  </datafield>
  <datafield tag="952" ind1=" " ind2=" ">
    <subfield code="0">0</subfield>
    <subfield code="1">0</subfield>
    <subfield code="2">ddc</subfield>
    <subfield code="4">0</subfield>
    <subfield code="6">FIS_KOU_1997_000000000000000_B167_OR_1</subfield>
    <subfield code="7">0</subfield>
    <subfield code="9">18719</subfield>
    <subfield code="a">LBB</subfield>
    <subfield code="b">LBB</subfield>
    <subfield code="c">B167</subfield>
    <subfield code="d">2015-11-30</subfield>
    <subfield code="o">FIS KOU 1997 B167 Or.1</subfield>
    <subfield code="p">RUA011860</subfield>
    <subfield code="r">2015-11-30</subfield>
    <subfield code="w">2015-11-30</subfield>
    <subfield code="y">FIS</subfield>
  </datafield>
  <datafield tag="952" ind1=" " ind2=" ">
    <subfield code="0">0</subfield>
    <subfield code="1">0</subfield>
    <subfield code="2">ddc</subfield>
    <subfield code="4">0</subfield>
    <subfield code="6">FIS_KOU_1997_000000000000000_B167_OR_2</subfield>
    <subfield code="7">0</subfield>
    <subfield code="9">18720</subfield>
    <subfield code="a">LBB</subfield>
    <subfield code="b">LBB</subfield>
    <subfield code="c">B167</subfield>
    <subfield code="d">2015-11-30</subfield>
    <subfield code="o">FIS KOU 1997 B167 Or.2</subfield>
    <subfield code="p">RUA011506</subfield>
    <subfield code="r">2015-11-30</subfield>
    <subfield code="w">2015-11-30</subfield>
    <subfield code="y">FIS</subfield>
  </datafield>
  <datafield tag="952" ind1=" " ind2=" ">
    <subfield code="0">0</subfield>
    <subfield code="1">0</subfield>
    <subfield code="2">ddc</subfield>
    <subfield code="4">0</subfield>
    <subfield code="6">FIS_KOU_1997_000000000000000_B167_OR_3</subfield>
    <subfield code="7">0</subfield>
    <subfield code="9">18721</subfield>
    <subfield code="a">LBB</subfield>
    <subfield code="b">LBB</subfield>
    <subfield code="c">B167</subfield>
    <subfield code="d">2015-11-30</subfield>
    <subfield code="o">FIS KOU 1997 B167 Or.3</subfield>
    <subfield code="p">RUA011943</subfield>
    <subfield code="r">2015-11-30</subfield>
    <subfield code="w">2015-11-30</subfield>
    <subfield code="y">FIS</subfield>
  </datafield>
  <datafield tag="952" ind1=" " ind2=" ">
    <subfield code="0">0</subfield>
    <subfield code="1">0</subfield>
    <subfield code="2">ddc</subfield>
    <subfield code="4">0</subfield>
    <subfield code="6">FIS_KOU_1997_000000000000000_B167_OR_4</subfield>
    <subfield code="7">0</subfield>
    <subfield code="9">18722</subfield>
    <subfield code="a">LBB</subfield>
    <subfield code="b">LBB</subfield>
    <subfield code="c">B167</subfield>
    <subfield code="d">2015-11-30</subfield>
    <subfield code="o">FIS KOU 1997 B167 Or.4</subfield>
    <subfield code="p">RUA011596</subfield>
    <subfield code="r">2015-11-30</subfield>
    <subfield code="w">2015-11-30</subfield>
    <subfield code="y">FIS</subfield>
  </datafield>
  <datafield tag="952" ind1=" " ind2=" ">
    <subfield code="0">0</subfield>
    <subfield code="1">0</subfield>
    <subfield code="2">ddc</subfield>
    <subfield code="4">0</subfield>
    <subfield code="6">FIS_KOU_1997_000000000000000_B167_OR_5</subfield>
    <subfield code="7">0</subfield>
    <subfield code="9">18723</subfield>
    <subfield code="a">LBB</subfield>
    <subfield code="b">LBB</subfield>
    <subfield code="c">B167</subfield>
    <subfield code="d">2015-11-30</subfield>
    <subfield code="o">FIS KOU 1997 B167 Or.5</subfield>
    <subfield code="p">RUA011524</subfield>
    <subfield code="r">2015-11-30</subfield>
    <subfield code="w">2015-11-30</subfield>
    <subfield code="y">FIS</subfield>
  </datafield>
  <datafield tag="952" ind1=" " ind2=" ">
    <subfield code="0">0</subfield>
    <subfield code="1">0</subfield>
    <subfield code="2">ddc</subfield>
    <subfield code="4">0</subfield>
    <subfield code="6">FIS_KOU_1997_000000000000000_B167_OR_6</subfield>
    <subfield code="7">0</subfield>
    <subfield code="9">18724</subfield>
    <subfield code="a">LBB</subfield>
    <subfield code="b">LBB</subfield>
    <subfield code="c">B167</subfield>
    <subfield code="d">2015-11-30</subfield>
    <subfield code="o">FIS KOU 1997 B167 Or.6</subfield>
    <subfield code="p">RUA011806</subfield>
    <subfield code="r">2015-11-30</subfield>
    <subfield code="w">2015-11-30</subfield>
    <subfield code="y">FIS</subfield>
  </datafield>
  <datafield tag="952" ind1=" " ind2=" ">
    <subfield code="0">0</subfield>
    <subfield code="1">0</subfield>
    <subfield code="2">ddc</subfield>
    <subfield code="4">0</subfield>
    <subfield code="6">FIS_KOU_1997_000000000000000_B167_OR_7</subfield>
    <subfield code="7">0</subfield>
    <subfield code="9">18725</subfield>
    <subfield code="a">LBB</subfield>
    <subfield code="b">LBB</subfield>
    <subfield code="c">B167</subfield>
    <subfield code="d">2015-11-30</subfield>
    <subfield code="o">FIS KOU 1997 B167 Or.7</subfield>
    <subfield code="p">RUA011662</subfield>
    <subfield code="r">2015-11-30</subfield>
    <subfield code="w">2015-11-30</subfield>
    <subfield code="y">FIS</subfield>
  </datafield>
  <datafield tag="952" ind1=" " ind2=" ">
    <subfield code="0">0</subfield>
    <subfield code="1">0</subfield>
    <subfield code="2">ddc</subfield>
    <subfield code="4">0</subfield>
    <subfield code="6">FIS_KOU_1997_000000000000000_B167_OR_8</subfield>
    <subfield code="7">0</subfield>
    <subfield code="9">18726</subfield>
    <subfield code="a">LBB</subfield>
    <subfield code="b">LBB</subfield>
    <subfield code="c">B167</subfield>
    <subfield code="d">2015-11-30</subfield>
    <subfield code="o">FIS KOU 1997 B167 Or.8</subfield>
    <subfield code="p">RUA011518</subfield>
    <subfield code="r">2015-11-30</subfield>
    <subfield code="w">2015-11-30</subfield>
    <subfield code="y">FIS</subfield>
  </datafield>
  <datafield tag="952" ind1=" " ind2=" ">
    <subfield code="0">0</subfield>
    <subfield code="1">0</subfield>
    <subfield code="2">ddc</subfield>
    <subfield code="4">0</subfield>
    <subfield code="6">FIS_KOU_1997_000000000000000_B167_OR_9</subfield>
    <subfield code="7">0</subfield>
    <subfield code="9">18727</subfield>
    <subfield code="a">LBB</subfield>
    <subfield code="b">LBB</subfield>
    <subfield code="c">B167</subfield>
    <subfield code="d">2015-11-30</subfield>
    <subfield code="o">FIS KOU 1997 B167 Or.9</subfield>
    <subfield code="p">RUA011723</subfield>
    <subfield code="r">2015-11-30</subfield>
    <subfield code="w">2015-11-30</subfield>
    <subfield code="y">FIS</subfield>
  </datafield>
  <datafield tag="952" ind1=" " ind2=" ">
    <subfield code="0">0</subfield>
    <subfield code="1">0</subfield>
    <subfield code="2">ddc</subfield>
    <subfield code="4">0</subfield>
    <subfield code="6">FIS_KOU_1997_000000000000000_B167_OR_10</subfield>
    <subfield code="7">0</subfield>
    <subfield code="9">18728</subfield>
    <subfield code="a">LBB</subfield>
    <subfield code="b">LBB</subfield>
    <subfield code="c">B167</subfield>
    <subfield code="d">2015-11-30</subfield>
    <subfield code="o">FIS KOU 1997 B167 Or.10</subfield>
    <subfield code="p">RUA011512</subfield>
    <subfield code="r">2015-11-30</subfield>
    <subfield code="w">2015-11-30</subfield>
    <subfield code="y">FIS</subfield>
  </datafield>
  <datafield tag="952" ind1=" " ind2=" ">
    <subfield code="0">0</subfield>
    <subfield code="1">0</subfield>
    <subfield code="2">ddc</subfield>
    <subfield code="4">0</subfield>
    <subfield code="6">FIS_KOU_1997_000000000000000_B167_OR_11</subfield>
    <subfield code="7">0</subfield>
    <subfield code="9">18729</subfield>
    <subfield code="a">LBB</subfield>
    <subfield code="b">LBB</subfield>
    <subfield code="c">B167</subfield>
    <subfield code="d">2015-11-30</subfield>
    <subfield code="o">FIS KOU 1997 B167 Or.11</subfield>
    <subfield code="p">RUA011660</subfield>
    <subfield code="r">2015-11-30</subfield>
    <subfield code="w">2015-11-30</subfield>
    <subfield code="y">FIS</subfield>
  </datafield>
  <datafield tag="952" ind1=" " ind2=" ">
    <subfield code="0">0</subfield>
    <subfield code="1">0</subfield>
    <subfield code="2">ddc</subfield>
    <subfield code="4">0</subfield>
    <subfield code="6">FIS_KOU_1997_000000000000000_B167_OR_12</subfield>
    <subfield code="7">0</subfield>
    <subfield code="9">21227</subfield>
    <subfield code="a">LBB</subfield>
    <subfield code="b">LBB</subfield>
    <subfield code="c">B167</subfield>
    <subfield code="d">2015-12-08</subfield>
    <subfield code="o">FIS KOU 1997 B167 Or.12</subfield>
    <subfield code="p">RUA010797</subfield>
    <subfield code="r">2015-12-08</subfield>
    <subfield code="w">2015-12-08</subfield>
    <subfield code="y">FIS</subfield>
  </datafield>
</record>
